000 00609nam a22002174a 4500
999 _c118267
_d118267
003 UPN
005 20240210063603.0
008 060808s2000 es a r 000 0 spa d
020 _a8430596127
035 _aUPN01000146121
040 _aUPN
_bspa
_cUPN
049 _aI
050 4 _aPN6367
_bA3.4
245 0 0 _aAdivinanzas y colmos de animales /
_cselec. de textos Celia Ruiz Ibáñez ; il. de Marifé González.
260 _aMadrid :
_bSusaeta,
_c2000.
300 _a125 p. :
_bil.
650 4 _aAdivinanzas
_9114
700 1 _aRuiz Ibáñez, Celia,
_ecomp.
905 _aInfantil
942 _2lcc
_cLIBRO